| 000 | 00999nam0a22002771 4500 | ||
|---|---|---|---|
| 001 | RU\NLR\INFOCOMM_116\5000075784 | ||
| 005 | 20250613095420.0 | ||
| 010 |
_93690 экз. _a5-05-000257-5 |
||
| 035 | _a(NLR Aleph) 009294230 | ||
| 090 |
_a9239109 _c9239109 |
||
| 100 | _a20101005d1985 |||y0rusy50 ca | ||
| 101 | 1 |
_adut _crus |
|
| 102 | _aRU | ||
| 105 | _aa ||||000|y | ||
| 200 | 1 |
_aHet gebochelde paardje _eEen Russisch sprookje voor kinderen van elke leeftijd _fP. Jersjow _g[Vertaald door Theun de Vries] _gTekeningen van N. Kotsjergin |
|
| 210 |
_aΜ. _cRadoega _dCop.1985 |
||
| 215 |
_a104 с. _cцв. ил. |
||
| 300 | _aНа обороте тит. л.: П. Ершов. Конёк-Горбунок | ||
| 686 |
_aДл330 _2rubbk |
||
| 700 | 1 |
_4070 _7ba _8rus _aEršov _bP. P. _f1815-1869 _gPetr Pavlovič _9255986 _3RU\NLR\AUTH\770256042 |
|
| 790 | 1 |
_9z01700 _aJersjow _bP. _4070 |
|
| 801 | 1 |
_aRU _bNLR _c20101005 |
|
| 801 | 0 |
_aRU _bNLR _gPSBO |
|
| 852 |
_aNLR _jДл01 Д-7/195 |
||
| 942 | _cBOOK | ||
| 980 | _aNB | ||